000 00915cam a22003138i 4500
001 17660857
003 OSt
005 20171224113618.0
008 130315s2013 enk b 001 0 eng
010 _a 2013007976
020 _a9780194372404
020 _a0194372405
040 _aDLC
_beng
_cDLC
_erda
042 _apcc
050 0 0 _aPN1271
_b.V47 2013
082 0 0 _a809.104
_223
_bVPS
100 1 _aVerdonk, Peter,
_d1935-
_937591
245 1 4 _aStylistics
_cPeter Verdonk.
263 _a1308
300 _apages cm.
490 0 _aAdvances in Stylistics
504 _aIncludes bibliographical references and index.
650 0 _aPoetry, Modern
_xHistory and criticism.
_98535
650 0 _aStyle, Literary.
_93946
650 0 _aPoetry
_xAuthorship.
_937592
906 _a7
_bcbc
_corignew
_d1
_eecip
_f20
_gy-gencatlg
942 _2ddc
_cBOOK
999 _c31166
_d265666